000 01180cam a2200241 4500
001 ABS65649
008 020702n2002 000 0 eng u
035 _a(Sirsi) u118645
100 _aCrow, Stephen
245 _aHow Green is my Paper
260 _c2002
490 _aTown & Country Planning
_v71(5) 139-141(3)
520 _aCompares the two planning papers, the DTLR green paper, Planning Delivering a Fundamental Change and the Wales consultation paper, 'Planning: Delivering for Wales, delivered on behalf of the Welsh Assembly Government. Argues that while they have many things in common, they differ in some obvious aspects such as their opinions of the planning system. In England the DTLR proposes a new form of plan to be known as a 'local development framework' or LDF. In Wales the LDF's are given as an option but the preferred option is a new 'local development plan' or LDP.
590 _aABS
650 _aGREEN PAPER
650 _aDTLR
650 _aENGLAND
650 _aWALES
650 _aLOCAL DEVELOPMENT FRAMEWORK
650 _aLOCAL DEVELOPMENT PLAN
690 _aENVIRONMENTAL AND LAND CONSULTANCY-PLANNING AND DEVELOPMENT
942 _n0
999 _c70653
_d70653